| 000 | 00495nam a2200181Ia 4500 | ||
|---|---|---|---|
| 001 | 13639 | ||
| 005 | 20260306164816.0 | ||
| 008 | 260306t2016||||xx |||||||||||||| ||spa|| | ||
| 041 | _aESP | ||
| 082 |
_a005.1 _bR28 |
||
| 100 |
_aRavichandran, Aruna _eAUT |
||
| 245 | 0 |
_aDevOps for digital leaders: _breignite business with a modern devops-enabled software factory |
|
| 260 | _c2016 | ||
| 300 |
_axiii, 173 páginas : _c28 cm. |
||
| 650 | _aGEN | ||
| 654 | _aCCC | ||
| 942 |
_cLIB _dJUS _fJUS _2ddc _n |
||
| 999 |
_c13639 _d13639 |
||